| 000 -ლიდერი |
| ფიქსირებული სიგრძის საკონტროლო ველი |
01731nam a2200301Ia 4500 |
| 001 - საკონტროლო ნომერი |
| საკონტროლო ველი |
22143 |
| 003 - საკონტროლო ნომრის იდენტიფიკატორი |
| საკონტროლო ველი |
GE_BSU |
| 005 - ბოლო ოპერაციის თარიღი და დრო |
| საკონტროლო ველი |
20221202111525.0 |
| 008 - ფიქსირებული სიგრძის მონაცემთა ელემენტები - ზოგადი ინფორმაცია |
| ფიქსირებული სიგრძის საკონტროლო ველი |
181216s ||||ge |||||||||||||| ||geo|| |
| 020 ## - წიგნის საერთაშორისო სტანდარტული ნომერი |
| International Standard Book Number |
978-9941-21-265 |
| 040 ## - კატალოგიზაციის წყარო |
| Transcribing agency |
GE_BSU |
| 041 ## - ენის კოდი |
| Language code of text/sound track or separate title |
geo |
| 080 ## - უნივერსალური ათობითი კლასიფიკაციის ინდექსი |
| Universal Decimal Classification number |
338.22+005.7 გ-96 |
| 245 ## - ცნობა სათაურის შესახებ |
| Title |
გუნდის არქიტექტურა : |
| Remainder of title |
ჟურნალ "სტრატეგია და ორგანიზაციის" საუკეთესო სტატიების კრებული / |
| Statement of responsibility, etc |
რედ. : იულონ ტოლიაშვილი, ხათუნა ნონიაშვილი ; ილ. თამარ ცანავა. |
| 264 ## - წარმოების, გამოცემის, დისტრიბუციის და სხვა ცნობები |
| გამოცემის, წარმოების, დისტრიბუციის... ადგილი |
თბილისი : |
| გამოცემის, წარმოების, დისტრიბუციის... სახელწოდება |
პალიტრა L, |
| გამოცემის, წარმოების, დისტრიბუციის... თარიღი |
2013. |
| 300 ## - ფიზიკური აღწერა |
| Extent |
176 გვ. ; |
| Dimensions |
20 სმ. |
| 490 ## - სერიის ცნობა |
| Series statement |
სინერჯი ჯგუფის წიგნები 2298-0415 |
| 653 ## - INDEX TERM--UNCONTROLLED |
| Uncontrolled term |
გუნდის არქიტექტურა |
| 653 ## - INDEX TERM--UNCONTROLLED |
| Uncontrolled term |
ჟურნალ "სტრატეგია და ორგანიზაციის" საუკეთესო სტატიების კრებული |
| 653 ## - INDEX TERM--UNCONTROLLED |
| Uncontrolled term |
ეკონომიკა |
| 653 ## - INDEX TERM--UNCONTROLLED |
| Uncontrolled term |
მენეჯმენტი |
| 653 ## - INDEX TERM--UNCONTROLLED |
| Uncontrolled term |
ორგანიზაციის მენეჯმენტი. გუნდური მართვა. ბიზნესი. |
| 700 ## - ADDED ENTRY--PERSONAL NAME |
| Personal name |
ტოლიაშვილი, იულონ |
| Relator term |
რედაქტორი |
| 9 (RLIN) |
6396 |
| 700 ## - ADDED ENTRY--PERSONAL NAME |
| Personal name |
ნონიაშვილი, ხათუნა |
| Relator term |
რედაქტორი |
| 9 (RLIN) |
15791 |
| 700 ## - ADDED ENTRY--PERSONAL NAME |
| Personal name |
ცანავა, თამარ |
| Relator term |
ილუსტრაცია |
| 9 (RLIN) |
16307 |
| 942 ## - ADDED ENTRY ELEMENTS (KOHA) |
| Koha item type |
წიგნი |
| Source of classification or shelving scheme |
|